| 000 | 00000nas 2200000za 4500 |
| 001 | 9.846499 |
| 003 | CaOODSP |
| 005 | 20221107153221 |
| 007 | cr ||||||||||| |
| 008 | 171101d19661982oncmr p oss f0###b0fre|d |
| 022 | |y0318-790X |
| 040 | |aCaOODSP|bfre |
| 041 | |aeng|afre |
| 043 | |an-cn--- |
| 086 | 1 |aCS36-001-PDF |
| 245 | 00|aHardboard, wood fibre |h[ressource électronique]. |
| 246 | 13|aPanneaux durs, fibre ligneuse|f1969 |
| 246 | 13|aPanneaux pressés, fibre ligneuse|fjanv. 1970-fév. 1982 |
| 260 | |aOttawa : |bDominion Bureau of Statistics, Industry Division, |c1966-1982. |
| 310 | |aMensuel |
| 362 | 0 |aVol. 14, no. 1 (janv. 1966)-v. 30, no. 2 (fév. 1982). |
| 500 | |aTitre de départ. |
| 500 | |aÉdition numérisée de l’imprimé [par Statistique Canada]. |
| 546 | |aTexte en anglais seulement, 1966-1968; texte en anglais et en français, 1969-1982. |
| 550 | |aPubl. 1967-1971 par la Division des industries manufacturières et primaires; janv. 1972-fév. 1982 par Statistique Canada, Division des industries manufacturières et primaires. |
| 692 | 07|2gccst|aIndustrie de la fabrication |
| 710 | 1 |aCanada. |bBureau fédéral de la statistique. |bDivision de l'industrie. |
| 710 | 1 |aCanada. |bBureau fédéral de la statistique. |bDivision des industries manufacturières et primaires. |
| 710 | 1 |aCanada. |bStatistique Canada. |bDivision des industries manufacturières et primaires. |
| 791 | |tHardboard, wood fibre |eeng|w(CaOODSP)9.846498 |